| 000 | 01068nam0a22003371 4500 | ||
|---|---|---|---|
| 001 | v19\rc\1738651 | ||
| 005 | 20250630115419.0 | ||
| 035 | _a(NLR Aleph) 004846857 | ||
| 090 |
_a4880207 _c4880207 |
||
| 100 | _a20061204d1902 |||y0rusy50 ca | ||
| 101 | 1 |
_arus _cger |
|
| 102 | _aRU | ||
| 105 | _aa z ||||| | ||
| 200 | 1 |
_aСобиратель бабочек _fАлександр Бау _gПер. с нем. под ред. Л.Я. Френкеля |
|
| 210 |
_aСанкт-Петербург _cГос. тип. _dценз. 1902 |
||
| 215 |
_a130, II с. _cил. _d19 |
||
| 700 | 1 |
_aБау _bА. _f1853- _gАлександр |
|
| 702 | 1 |
_aФренкель _bЛ.Я. _gЛеонид Яковлевич _4340 |
|
| 801 | 0 |
_aRU _bNLR _gpsbo |
|
| 801 | 0 |
_aRU _bRuMoRGB _2psbo |
|
| 801 | 1 |
_aRU _bProSoft-M _2rusmarc |
|
| 852 |
_aNLR _j34.86.2.13 |
||
| 852 |
_aNLR _j129/5381 |
||
| 852 |
_aNLR _bМф _jК1/683 |
||
| 899 |
_aRuMoRGB _jU 103/673 |
||
| 899 |
_aRuMoRGB _jU 162/136 |
||
| 899 |
_aRuMoRGB _jB 62/122 |
||
| 899 | _aБАН | ||
| 899 | _aНБ МГУ | ||
| 942 | _cBOOK | ||
| 980 | _aNB | ||